Are you out there, God? / (Record no. 1131)
[ view plain ]
| 000 -LEADER | |
|---|---|
| fixed length control field | 01556cam a2200397 a 4500 |
| 001 - CONTROL NUMBER | |
| control field | 1664100 |
| 003 - CONTROL NUMBER IDENTIFIER | |
| control field | OSt |
| 005 - DATE AND TIME OF LATEST TRANSACTION | |
| control field | 20140310181657.0 |
| 008 - FIXED-LENGTH DATA ELEMENTS--GENERAL INFORMATION | |
| fixed length control field | 970915s1996 nyua 000 0deng d |
| 010 ## - LIBRARY OF CONGRESS CONTROL NUMBER | |
| LC control number | 97195684 |
| 035 ## - SYSTEM CONTROL NUMBER | |
| System control number | (OCoLC)35642867 |
| 040 ## - CATALOGING SOURCE | |
| Original cataloging agency | OWK |
| Transcribing agency | OWK |
| Modifying agency | IU |
| -- | DLC |
| 042 ## - AUTHENTICATION CODE | |
| Authentication code | lccopycat |
| 043 ## - GEOGRAPHIC AREA CODE | |
| Geographic area code | n-us-ny |
| 050 00 - LIBRARY OF CONGRESS CALL NUMBER | |
| Classification number | HV 885 |
| Item number | .M478 1996 |
| 082 ## - DEWEY DECIMAL CLASSIFICATION NUMBER | |
| Classification number | GS 362.74 |
| Item number | M17 1996 |
| 100 1# - MAIN ENTRY--PERSONAL NAME | |
| Personal name | McGeady, Mary Rose. |
| 9 (RLIN) | 2464 |
| 245 10 - TITLE STATEMENT | |
| Title | Are you out there, God? / |
| Statement of responsibility, etc | Mary Rose McGeady. |
| 250 ## - EDITION STATEMENT | |
| Edition statement | 1st ed. |
| 260 ## - PUBLICATION, DISTRIBUTION, ETC. (IMPRINT) | |
| Place of publication, distribution, etc | New York, NY : |
| Name of publisher, distributor, etc | Covenant House, |
| Date of publication, distribution, etc | c1996. |
| 300 ## - PHYSICAL DESCRIPTION | |
| Extent | 127 p. : |
| Dimensions | 17 cm. |
| 541 ## - IMMEDIATE SOURCE OF ACQUISITION NOTE | |
| -- | 1 |
| 562 ## - COPY AND VERSION IDENTIFICATION NOTE | |
| Number of copies | 1 |
| 610 20 - SUBJECT ADDED ENTRY--CORPORATE NAME | |
| Corporate name or jurisdiction name as entry element | Covenant House (New York, N.Y.) |
| 9 (RLIN) | 20749 |
| 650 #0 - SUBJECT ADDED ENTRY--TOPICAL TERM | |
| Topical term or geographic name as entry element | Homeless children |
| Geographic subdivision | New York (State) |
| -- | New York |
| General subdivision | Case studies. |
| 9 (RLIN) | 20750 |
| 650 #0 - SUBJECT ADDED ENTRY--TOPICAL TERM | |
| Topical term or geographic name as entry element | Abandoned children |
| Geographic subdivision | New York (State) |
| -- | New York |
| General subdivision | Case studies. |
| 9 (RLIN) | 20751 |
| 650 #0 - SUBJECT ADDED ENTRY--TOPICAL TERM | |
| Topical term or geographic name as entry element | Church work with youth |
| General subdivision | Catholic Church |
| -- | Case studies. |
| 9 (RLIN) | 20752 |
| 650 #0 - SUBJECT ADDED ENTRY--TOPICAL TERM | |
| Topical term or geographic name as entry element | Church work with youth |
| Geographic subdivision | New York (State) |
| -- | New York |
| General subdivision | Case studies. |
| 9 (RLIN) | 20753 |
| 650 #0 - SUBJECT ADDED ENTRY--TOPICAL TERM | |
| Topical term or geographic name as entry element | Social work with youth |
| Geographic subdivision | New York (State) |
| -- | New York |
| General subdivision | Case studies. |
| 9 (RLIN) | 20754 |
| 650 #0 - SUBJECT ADDED ENTRY--TOPICAL TERM | |
| Topical term or geographic name as entry element | Runaway children |
| Geographic subdivision | New York (State) |
| -- | New York |
| General subdivision | Case studies. |
| 9 (RLIN) | 20755 |
| 650 #0 - SUBJECT ADDED ENTRY--TOPICAL TERM | |
| Topical term or geographic name as entry element | Runaway teenagers |
| Geographic subdivision | New York (State) |
| -- | New York |
| General subdivision | Case studies. |
| 9 (RLIN) | 20756 |
| 906 ## - LOCAL DATA ELEMENT F, LDF (RLIN) | |
| a | 7 |
| b | cbc |
| c | copycat |
| d | 3 |
| e | ncip |
| f | 19 |
| g | y-gencatlg |
| 942 ## - ADDED ENTRY ELEMENTS (KOHA) | |
| Source of classification or shelving scheme | Library of Congress Classification |
| Koha item type | Books |
| Call number prefix | |
| Withdrawn status | Lost status | Source of classification or shelving scheme | Damaged status | Home library | Current library | Shelving location | Date acquired | Total Checkouts | Full call number | Barcode | Date last seen | Copy number | Price effective from | Koha item type |
|---|---|---|---|---|---|---|---|---|---|---|---|---|---|---|
| Library of Congress Classification | Luxembourg Library | Luxembourg Library | Grade School Section | 04/18/2012 | HV 885 .M478 1996 | 10566 | 10/28/2015 | 1 | 10/03/2013 | Books |